[Event "TUR-ch U13/18"]
[Site "Antalya"]
[Date "2023.01.24"]
[Round "5"]
[White "Deveci, Huseyin Said"]
[Black "Akkaya, Yigit"]
[Result "1-0"]
[WhiteElo "1987"]
[BlackElo "1582"]
[PlyCount "85"]
[EventDate "2023.01.17"]
[EventType "swiss"]
[EventRounds "10"]
[EventCountry "TUR"]
[SourceTitle "EXT 2024"]
[Source "ChessBase"]
[SourceDate "2023.10.10"]
[SourceVersion "1"]
[SourceVersionDate "2023.10.10"]
[SourceQuality "1"]

1. e4 e5 2. Nf3 Nc6 3. Bb5 a6 4. Bxc6 dxc6 5. Nc3 Bd6 6. d4 f6 7. dxe5 Bxe5 8. Qxd8+ Kxd8 9. Nxe5 fxe5 10. f3 h6 11. Be3 b6 12. Nd1 Ne7 13. b3 Be6 14. Nb2 c5 15. a4 Nc6 16. Kf2 Ke7 17. a5 Nd4 18. Bxd4 cxd4 19. Nd3 Kf6 20. Ra2 b5 21. Raa1 Rhc8 22. Nc5 Rd8 23. b4 Rd6 24. Kg3 Rc6 25. h4 Ke7 26. Rhf1 Kd6 27. f4 exf4+ 28. Kxf4 Rf8+ 29. Kg3 Rxf1 30. Rxf1 Rxc5 31. bxc5+ Kxc5 32. Kf4 d3 33. c3 Kd6 34. Ke3 Ke7 35. Rf2 Bc4 36. g3 g6 37. e5 Ke6 38. Rf6+ Kxe5 39. Rxg6 c5 40. Rxh6 b4 41. cxb4 cxb4 42. Rb6 b3 43. h5 1-0

[Event "TUR-chT 2nd League"]
[Site "Konya"]
[Date "2022.08.24"]
[Round "4.15"]
[White "Koc, Serkan"]
[Black "Akkaya, Yigit"]
[Result "1-0"]
[WhiteElo "1567"]
[BlackElo "1485"]
[PlyCount "143"]
[EventDate "2022.08.22"]
[EventType "team-swiss"]
[EventRounds "9"]
[EventCountry "TUR"]
[SourceTitle "CBM 210 Extra"]
[Source "ChessBase"]
[SourceDate "2022.11.30"]
[SourceVersion "1"]
[SourceVersionDate "2022.11.30"]
[SourceQuality "1"]
[WhiteTeam "Samsun Gercek"]
[BlackTeam "Yalova Altinkale"]
[WhiteTeamCountry "TUR"]
[BlackTeamCountry "TUR"]

1. e4 e5 2. Nf3 Nc6 3. Bb5 a6 4. Ba4 Nf6 5. 0-0 b5 6. Bb3 Be7 7. c3 d6 8. d3 Bg4 9. h3 Bh5 10. Be3 Na5 11. Nbd2 Nxb3 12. Qxb3 Qd7 13. a4 0-0 14. c4 Bxf3 15. Nxf3 Rab8 16. axb5 axb5 17. c5 Ra8 18. Qc3 Qc6 19. b4 Nd7 20. Rac1 Ra6 21. Rfe1 Rfa8 22. d4 Ra3 23. Qc2 h6 24. Qb2 Ra2 25. Qb1 exd4 26. Nxd4 Qa6 27. Nf5 Bf6 28. Red1 Bb2 29. cxd6 Bxc1 30. Bxc1 cxd6 31. Rxd6 Qa7 32. Bb2 Nf6 33. Bd4 Qc7 34. e5 Ne8 35. Rc6 Qd7 36. Qe4 R8a6 37. Qg4 Kh8 38. e6 fxe6 39. Rc8 exf5 40. Rxe8+ Kh7 41. Qh5 Qxd4 42. Qxf5+ Rg6 43. Qf8 Rf6 44. Qg8+ Kg6 45. Qxa2 Qxb4 46. Qc2+ Kf7 47. Re4 Qd6 48. Qb3+ Re6 49. Re3 Ke7 50. Qxb5 Qd1+ 51. Qf1 Qd6 52. Qe2 Qd5 53. Rxe6+ Qxe6 54. Kf1 Kf7 55. Qxe6+ Kxe6 56. Ke2 Kf6 57. Ke3 Ke5 58. f4+ Kf5 59. g4+ Kf6 60. h4 Ke6 61. Ke4 Kf6 62. h5 Ke6 63. Kd4 Kf6 64. Kd5 g6 65. hxg6 Kxg6 66. Ke6 Kg7 67. Ke7 h5 68. gxh5 Kh6 69. f5 Kg7 70. f6+ Kh6 71. f7 Kh7 72. h6 1-0

[Event "TUR-chT 2nd League"]
[Site "Konya"]
[Date "2022.08.23"]
[Round "3.13"]
[White "Akkaya, Yigit"]
[Black "Demir, Utku Deniz"]
[Result "1/2-1/2"]
[WhiteElo "1485"]
[BlackElo "1624"]
[PlyCount "64"]
[EventDate "2022.08.22"]
[EventType "team-swiss"]
[EventRounds "9"]
[EventCountry "TUR"]
[SourceTitle "CBM 210 Extra"]
[Source "ChessBase"]
[SourceDate "2022.11.30"]
[SourceVersion "1"]
[SourceVersionDate "2022.11.30"]
[SourceQuality "1"]
[WhiteTeam "Yalova Altinkale"]
[BlackTeam "Corum Belediye"]
[WhiteTeamCountry "TUR"]
[BlackTeamCountry "TUR"]

1. e4 c5 2. Nc3 Nc6 3. g3 g6 4. Bg2 Bg7 5. d3 a6 6. Be3 b6 7. Qd2 e6 8. Nge2 Nge7 9. 0-0 0-0 10. Bh6 Bb7 11. Bxg7 Kxg7 12. f4 f5 13. d4 cxd4 14. Nxd4 b5 15. Kh1 Qb6 16. Nxc6 Bxc6 17. e5 b4 18. Ne2 Rac8 19. Rac1 Rfd8 20. c4 bxc3 21. Nxc3 d6 22. exd6 Rxd6 23. Qe2 Rcd8 24. Rc2 Bxg2+ 25. Qxg2 Nd5 26. Nxd5 Rxd5 27. h3 Qa5 28. a3 Rd2 29. Rxd2 Rxd2 30. Rf2 Rd3 31. Kh2 Qd5 32. Rc2 Kf6 1/2-1/2